[Event "Southend op"]
[Site "Southend"]
[Date "2024.03.30"]
[Round "5"]
[White "Janik, Igor"]
[Black "Royal, Shreyas"]
[Result "1/2-1/2"]
[WhiteElo "2497"]
[BlackElo "2457"]
[PlyCount "69"]
[EventDate "2024.03.28"]
[EventType "swiss"]
[EventRounds "9"]
[EventCountry "ENG"]
[SourceTitle "CB14_2024"]
[SourceDate "2024.04.01"]
[SourceVersion "1"]
[SourceVersionDate "2024.04.01"]
[SourceQuality "1"]

1. Nf3 d5 2. g3 g6 3. Bg2 Bg7 4. d4 Nf6 5. 0-0 0-0 6. c3 a5 7. a4 b6 8. Bf4 Bb7 9. Re1 Nbd7 10. Nbd2 Re8 11. Qb3 Nh5 12. Be3 e5 13. dxe5 Nxe5 14. Nxe5 Rxe5 15. Bd4 Re6 16. Bxg7 Kxg7 17. c4 Nf6 18. c5 bxc5 19. Qa3 Qe7 20. e3 Rb6 21. Rac1 Rb4 22. b3 Nd7 23. Qb2+ Qe5 24. Qc2 f5 25. Red1 Qe6 26. Nf3 Qb6 27. Ne1 c6 28. Rb1 Re8 29. Nd3 Rbe4 30. Rbc1 R4e7 31. Nxc5 Nxc5 32. Qxc5 Qxc5 33. Rxc5 Ra8 34. Kf1 g5 35. Rd4 1/2-1/2

[Event "Southend op"]
[Site "Southend"]
[Date "2024.03.29"]
[Round "3"]
[White "Kalavannan, Koby"]
[Black "Royal, Shreyas"]
[Result "0-1"]
[WhiteElo "2324"]
[BlackElo "2457"]
[PlyCount "54"]
[EventDate "2024.03.28"]
[EventType "swiss"]
[EventRounds "9"]
[EventCountry "ENG"]
[SourceTitle "CB14_2024"]
[SourceDate "2024.04.01"]
[SourceVersion "1"]
[SourceVersionDate "2024.04.01"]
[SourceQuality "1"]

1. b3 d5 2. Bb2 Nf6 3. Nf3 Bf5 4. Nh4 Bg4 5. h3 Bh5 6. g4 Bg6 7. Nxg6 hxg6 8. Bg2 c6 9. d4 e6 10. Nd2 Bd6 11. e4 Nxe4 12. Nxe4 dxe4 13. Bxe4 Nd7 14. Qf3 Qg5 15. Bc1 Qe7 16. Be3 f5 17. Bd3 e5 18. dxe5 Nxe5 19. Qe2 Nxd3+ 20. cxd3 0-0-0 21. Kf1 Qe5 22. Rd1 Qd5 23. Kg1 Rde8 24. Qf1 Qf3 25. Re1 Bb4 26. Rc1 Rxe3 27. fxe3 Qg3+ 0-1

[Event "Peterborough 4NCL Spring"]
[Site "Peterborough"]
[Date "2024.03.25"]
[Round "4"]
[White "Royal, Shreyas"]
[Black "Harvey, Marcus Ross"]
[Result "1/2-1/2"]
[WhiteElo "2457"]
[BlackElo "2468"]
[PlyCount "101"]
[EventDate "2024.03.23"]
[EventType "tourn"]
[EventRounds "9"]
[EventCountry "ENG"]
[EventCategory "8"]
[SourceTitle "CB13_2024"]
[SourceDate "2024.03.27"]
[SourceVersion "1"]
[SourceVersionDate "2024.03.27"]
[SourceQuality "1"]

1. d4 d5 2. c4 dxc4 3. Nf3 Nf6 4. e3 e6 5. Bxc4 c5 6. 0-0 a6 7. b3 cxd4 8. Nxd4 Bd6 9. Bd3 0-0 10. Bb2 Qe7 11. Nd2 Rd8 12. Qe2 Bd7 13. Nc4 Bc5 14. Ne5 Be8 15. Rfd1 Rc8 16. Rac1 Nbd7 17. Ndf3 Nxe5 18. Nxe5 Ba3 19. Bxa3 Qxa3 20. Nc4 Qe7 21. Qb2 Rc7 22. Be2 Rac8 23. Bf3 h6 24. h3 Qb4 25. a3 Qe7 26. Ne5 b6 27. Rxc7 Qxc7 28. Qd4 Qc5 29. Nc4 b5 30. Bb7 bxc4 31. Bxc8 Qxc8 32. Rc1 Qc7 33. Rxc4 Qa5 34. Qb2 Bd7 35. Qc1 Qd5 36. Qc2 e5 37. Rc5 Qd6 38. b4 e4 39. Rc4 Bb5 40. Rd4 Qe6 41. a4 Bd3 42. Qc5 Kh7 43. b5 axb5 44. axb5 Nd7 45. Qc6 Nb6 46. Rd6 Qe5 47. Qxb6 Qa1+ 48. Kh2 Qe5+ 49. Kg1 Qa1+ 50. Kh2 Qe5+ 51. Kg1 1/2-1/2

[Event "British Rapidplay"]
[Site "Peterborough"]
[Date "2024.03.03"]
[Round "10"]
[White "Royal, Shreyas"]
[Black "Gormally, Daniel"]
[Result "0-1"]
[WhiteElo "2457"]
[BlackElo "2415"]
[PlyCount "52"]
[EventDate "2024.03.02"]
[EventType "swiss (rapid)"]
[EventRounds "11"]
[EventCountry "ENG"]
[SourceTitle "CB10_2024"]
[SourceDate "2024.03.06"]
[SourceVersion "1"]
[SourceVersionDate "2024.03.06"]
[SourceQuality "1"]

1. d4 Nf6 2. c4 g6 3. Nc3 d5 4. cxd5 Nxd5 5. e4 Nxc3 6. bxc3 Bg7 7. Bc4 c5 8. Ne2 Nc6 9. Be3 0-0 10. 0-0 e6 11. Qd2 b6 12. Rac1 Bb7 13. Rfd1 cxd4 14. cxd4 Na5 15. Bd3 Rc8 16. h4 h5 17. Bg5 Qd7 18. Bh6 Qe7 19. Bxg7 Kxg7 20. Qf4 Nc6 21. Qg3 e5 22. dxe5 Nxe5 23. Bb1 Rxc1 24. Rxc1 Rd8 25. Nf4 Ng4 26. f3 Qc5+ 0-1

[Event "Cambridge op 2nd"]
[Site "Cambridge"]
[Date "2024.02.23"]
[Round "7"]
[White "Haubro, Martin"]
[Black "Royal, Shreyas"]
[Result "1-0"]
[WhiteElo "2421"]
[BlackElo "2483"]
[PlyCount "97"]
[EventDate "2024.02.19"]
[EventType "swiss"]
[EventRounds "9"]
[EventCountry "ENG"]
[SourceTitle "CB09_2024"]
[SourceDate "2024.02.28"]
[SourceVersion "1"]
[SourceVersionDate "2024.02.28"]
[SourceQuality "1"]

1. e4 c5 2. Nf3 d6 3. d4 cxd4 4. Nxd4 Nf6 5. Nc3 Nc6 6. Bg5 e6 7. Qd2 a6 8. 0-0-0 Bd7 9. Kb1 Nxd4 10. Qxd4 Be7 11. f3 Qc7 12. Qd2 b5 13. g4 h5 14. gxh5 Nxh5 15. h4 Rc8 16. Bd3 g6 17. f4 Bxg5 18. hxg5 Qc5 19. e5 Bc6 20. Be4 dxe5 21. Bxc6+ Qxc6 22. Ne4 Qxe4 23. Qd7+ Kf8 24. Qxc8+ Kg7 25. Qxa6 exf4 26. Qxb5 Rd8 27. Rde1 Rd5 28. Rxe4 Rxb5 29. Rg1 f3 30. Re3 f2 31. Rf1 Rxg5 32. Rf3 f5 33. R3xf2 f4 34. a4 Rf5 35. b4 e5 36. Re1 Nf6 37. b5 e4 38. c4 e3 39. Rc2 Nd7 40. a5 Re5 41. a6 f3 42. a7 f2 43. Rf1 Nb6 44. c5 Na8 45. b6 Re7 46. Kc1 g5 47. Kd1 g4 48. Ke2 Kf6 49. Rc3 1-0

[Event "Cambridge op 2nd"]
[Site "Cambridge"]
[Date "2024.02.20"]
[Round "3"]
[White "Hanley, Craig"]
[Black "Royal, Shreyas"]
[Result "1-0"]
[WhiteElo "2431"]
[BlackElo "2483"]
[PlyCount "75"]
[EventDate "2024.02.19"]
[EventType "swiss"]
[EventRounds "9"]
[EventCountry "ENG"]
[SourceTitle "CB09_2024"]
[SourceDate "2024.02.28"]
[SourceVersion "1"]
[SourceVersionDate "2024.02.28"]
[SourceQuality "1"]

1. d4 Nf6 2. Bf4 d5 3. e3 c5 4. c3 Nc6 5. Nd2 Qb6 6. Qb3 c4 7. Qc2 g6 8. h3 Bg7 9. Ngf3 0-0 10. Be2 Bf5 11. Qc1 Nd7 12. e4 dxe4 13. Nxc4 Qd8 14. Nfe5 Ndxe5 15. dxe5 b5 16. Ne3 Bd7 17. Qc2 Nxe5 18. Bxe5 Bxe5 19. Qxe4 Bg7 20. 0-0-0 a6 21. Qb7 Qa5 22. Qxd7 Qxa2 23. Qd5 Qa4 24. Kb1 Rfc8 25. Rd3 e6 26. Qa2 Qh4 27. Bf3 Ra7 28. Qa5 h5 29. Rhd1 Rcc7 30. g3 Qf6 31. Nc2 Qf5 32. h4 e5 33. Ne3 Qe6 34. Bd5 Qe7 35. Qb6 e4 36. R3d2 a5 37. Qxg6 b4 38. Nf5 1-0

[Event "Titled Tuesday intern op 13th Feb Early"]
[Site "Chess.com INT"]
[Date "2024.02.13"]
[Round "2"]
[White "Kaliakhmet, Elnaz"]
[Black "Royal, Shreyas"]
[Result "1-0"]
[WhiteElo "2000"]
[BlackElo "2483"]
[PlyCount "81"]
[EventDate "2024.02.13"]
[EventType "swiss (blitz)"]
[EventRounds "11"]
[EventCountry "USA"]
[SourceTitle "CB08_2024"]
[SourceDate "2024.02.21"]
[SourceVersion "1"]
[SourceVersionDate "2024.02.21"]
[SourceQuality "1"]

1. d4 Nf6 2. c4 g6 3. Nc3 Bg7 4. e4 d6 5. h3 Na6 6. Be3 e5 7. dxe5 dxe5 8. Qxd8+ Kxd8 9. 0-0-0+ Ke8 10. Nf3 Nd7 11. Nb5 Ke7 12. Be2 b6 13. Rd2 Bb7 14. Rhd1 Rhd8 15. Nc3 c6 16. Ne1 Nac5 17. b4 Ne6 18. Nc2 Nf6 19. g3 a5 20. b5 cxb5 21. cxb5 Rxd2 22. Rxd2 Nxe4 23. Nxe4 Bxe4 24. Bxb6 Rc8 25. Kb2 a4 26. Ba5 Bf5 27. Bb4+ Ke8 28. Ne3 Bxh3 29. b6 Nd4 30. Ba6 Rb8 31. b7 Kd7 32. Nc4 Be6 33. Na5 Kc7 34. Bc5 h5 35. Ba7 Rxb7+ 36. Bxb7 Nb5 37. Rc2+ Kd6 38. Bc5+ Kc7 39. Ba6 e4+ 40. Kc1 Nc3 41. Bb4 1-0

[Event "Titled Tuesday intern op 06th Feb Early"]
[Site "Chess.com INT"]
[Date "2024.02.06"]
[Round "11"]
[White "Onufrienko, Vladislav"]
[Black "Royal, Shreyas"]
[Result "0-1"]
[WhiteElo "2046"]
[BlackElo "2483"]
[PlyCount "86"]
[EventDate "2024.02.06"]
[EventType "swiss (blitz)"]
[EventRounds "11"]
[EventCountry "USA"]
[SourceTitle "CB07_2024"]
[SourceDate "2024.02.14"]
[SourceVersion "1"]
[SourceVersionDate "2024.02.14"]
[SourceQuality "1"]

1. e4 c5 2. Nc3 Nc6 3. Nf3 Nf6 4. d4 cxd4 5. Nxd4 d6 6. Bc4 Qb6 7. Nb3 e6 8. 0-0 a6 9. a4 Be7 10. a5 Qc7 11. Be3 Bd7 12. Bb6 Qc8 13. f4 0-0 14. Bd3 Nb4 15. e5 dxe5 16. fxe5 Nfd5 17. Nxd5 exd5 18. Kh1 Nxd3 19. Qxd3 Bb5 20. Qxd5 Bxf1 21. Rxf1 Qxc2 22. Nd4 Qd3 23. Rg1 Bg5 24. e6 Bf6 25. exf7+ Kh8 26. Qc5 Rac8 27. Qb4 Rxf7 28. Nf3 Re7 29. h3 Re2 30. Qg4 Rce8 31. Ng5 Bxg5 32. Qxg5 Rxb2 33. Qh5 Qg6 34. Qc5 Rb3 35. Qc7 Qc6 36. Qxc6 bxc6 37. Rc1 Rc8 38. Rc5 Rb5 39. Rc4 c5 40. Re4 c4 41. Bc7 Kg8 42. Be5 c3 43. Rh4 Rxe5 0-1

[Event "Titled Tuesday intern op 06th Feb Early"]
[Site "Chess.com INT"]
[Date "2024.02.06"]
[Round "2"]
[White "Royal, Shreyas"]
[Black "Grochal, Joey"]
[Result "1-0"]
[WhiteElo "2483"]
[BlackElo "2255"]
[PlyCount "57"]
[EventDate "2024.02.06"]
[EventType "swiss (blitz)"]
[EventRounds "11"]
[EventCountry "USA"]
[SourceTitle "CB07_2024"]
[SourceDate "2024.02.14"]
[SourceVersion "1"]
[SourceVersionDate "2024.02.14"]
[SourceQuality "1"]

1. e4 e5 2. Nf3 Nc6 3. Bb5 a6 4. Ba4 Nf6 5. 0-0 Be7 6. Re1 b5 7. Bb3 0-0 8. a4 b4 9. d3 d6 10. a5 Nd7 11. Be3 Nc5 12. Bd5 Bb7 13. Nbd2 Kh8 14. Bxc5 dxc5 15. Nxe5 Nxe5 16. Bxb7 Rb8 17. Bxa6 Bf6 18. Bc4 Ra8 19. Bd5 Ra7 20. Ra2 c6 21. Bb3 Rxa5 22. Qa1 Rxa2 23. Qxa2 Bg5 24. Nc4 Nxc4 25. Bxc4 Bf6 26. Bxf7 Bd4 27. e5 Qg5 28. e6 h5 29. e7 1-0

[Event "BCF-chT 2324 (4NCL)"]
[Site "England"]
[Date "2024.01.13"]
[Round "3.6"]
[White "Royal, Shreyas"]
[Black "Gormally, Daniel"]
[Result "1/2-1/2"]
[WhiteElo "2459"]
[BlackElo "2442"]
[PlyCount "71"]
[EventDate "2023.11.11"]
[EventType "team-tourn"]
[EventRounds "11"]
[EventCountry "ENG"]
[SourceTitle "CB11_2024"]
[SourceDate "2024.03.13"]
[SourceVersion "1"]
[SourceVersionDate "2024.03.13"]
[SourceQuality "1"]
[WhiteTeam "Wood Green Youth"]
[BlackTeam "Blackthorne Russia"]
[WhiteTeamCountry "ENG"]
[BlackTeamCountry "ENG"]

1. d4 Nf6 2. c4 g6 3. Nc3 d5 4. cxd5 Nxd5 5. Bd2 Bg7 6. e4 Nxc3 7. Bxc3 c5 8. d5 Bxc3+ 9. bxc3 0-0 10. Qd2 e6 11. Bc4 exd5 12. Bxd5 Nd7 13. Nf3 Nf6 14. 0-0 Nxd5 15. exd5 Bf5 16. Rfe1 Qf6 17. Ne5 Rfe8 18. f4 Rad8 19. Rad1 Qd6 20. Nc4 Qa6 21. Rxe8+ Rxe8 22. Ne3 Bd7 23. h3 h5 24. f5 Qf6 25. d6 Bc6 26. d7 Bxd7 27. fxg6 Qxg6 28. Qxd7 Rxe3 29. Qxb7 Rxc3 30. Qxa7 Rc2 31. Qa8+ Kh7 32. Rd8 Qf6 33. Qe4+ Qg6 34. Qa8 Qf6 35. Qe4+ Qg6 36. Qa8 1/2-1/2

[Event "Hastings Masters op"]
[Site "Hastings"]
[Date "2024.01.04"]
[Round "8"]
[White "Ghasi, Ameet K"]
[Black "Royal, Shreyas"]
[Result "1/2-1/2"]
[WhiteElo "2509"]
[BlackElo "2438"]
[PlyCount "113"]
[EventDate "2023.12.28"]
[EventType "swiss"]
[EventRounds "9"]
[EventCountry "ENG"]
[SourceTitle "CB02_2024"]
[SourceDate "2024.01.10"]
[SourceVersion "1"]
[SourceVersionDate "2024.01.10"]
[SourceQuality "1"]

1. Nf3 d5 2. g3 g6 3. Bg2 Bg7 4. d4 Nf6 5. 0-0 0-0 6. c4 c6 7. Nc3 dxc4 8. e4 b5 9. Qe2 a5 10. a4 b4 11. Nd1 Ba6 12. Re1 Ne8 13. Ne3 Nd7 14. e5 Nb6 15. h4 Nc7 16. h5 Qd7 17. Qc2 Rfd8 18. Rd1 Ne6 19. Qe4 c3 20. bxc3 Be2 21. Re1 Bxf3 22. Qxf3 bxc3 23. Nc2 Nd5 24. Rb1 Rac8 25. Qe2 Nb4 26. Nxb4 Nxd4 27. Qe4 axb4 28. Rxb4 c5 29. Rc4 c2 30. hxg6 hxg6 31. e6 Nxe6 32. Rxc2 Nd4 33. Ra2 e5 34. a5 f5 35. Qb7 e4 36. Qxd7 Rxd7 37. Be3 Ra8 38. Rb1 Rda7 39. Bd2 c4 40. Be1 Nb3 41. Bf1 Nxa5 42. Bxa5 Rxa5 43. Bxc4+ Kh7 44. Rxa5 Rxa5 45. Rb6 Bd4 46. Rd6 Be5 47. Ra6 Rxa6 48. Bxa6 g5 49. Bc8 Kg6 50. g4 fxg4 51. Bxg4 Bd4 52. Kg2 Kf6 53. Bc8 Ke5 54. Kg3 Bxf2+ 55. Kxf2 e3+ 56. Kxe3 g4 57. Bxg4 1/2-1/2

[Event "Hastings Masters op"]
[Site "Hastings"]
[Date "2024.01.01"]
[Round "5"]
[White "Royal, Shreyas"]
[Black "Willow, Jonah B"]
[Result "1-0"]
[WhiteElo "2438"]
[BlackElo "2427"]
[PlyCount "93"]
[EventDate "2023.12.28"]
[EventType "swiss"]
[EventRounds "9"]
[EventCountry "ENG"]
[SourceTitle "CB02_2024"]
[SourceDate "2024.01.10"]
[SourceVersion "1"]
[SourceVersionDate "2024.01.10"]
[SourceQuality "1"]

1. Nf3 d5 2. e3 Nf6 3. b3 c5 4. Bb2 a6 5. c4 e6 6. cxd5 exd5 7. g3 Nc6 8. Bg2 Bf5 9. d4 cxd4 10. Nxd4 Bb4+ 11. Bc3 Qa5 12. 0-0 Bxc3 13. Nxc3 Bg4 14. Qe1 Rd8 15. Rc1 Ne5 16. Rc2 0-0 17. h3 Bc8 18. Ne4 Qb6 19. Nxf6+ Qxf6 20. Qb4 h5 21. h4 Bf5 22. Nxf5 Qxf5 23. Rd2 b5 24. Rfd1 Rd7 25. Qf4 Qe6 26. Bxd5 Qe7 27. Qg5 Qxg5 28. hxg5 Rfd8 29. Kg2 Kf8 30. Rd4 a5 31. Bf3 Rxd4 32. Rxd4 Rxd4 33. exd4 Nd3 34. Be2 Ne1+ 35. Kf1 Nc2 36. d5 Ke7 37. Bxb5 Nb4 38. Bc4 Nxa2 39. d6+ Kxd6 40. Bxf7 Nc1 41. f4 Ke7 42. Bc4 g6 43. Kf2 Na2 44. Ke3 Nc3 45. Kd4 Nd1 46. Be2 Nf2 47. Ke3 1-0

[Event "Hastings Masters op"]
[Site "Hastings"]
[Date "2023.12.30"]
[Round "3"]
[White "Royal, Shreyas"]
[Black "Jacobson, Brandon"]
[Result "1-0"]
[WhiteElo "2438"]
[BlackElo "2538"]
[PlyCount "125"]
[EventDate "2023.12.28"]
[EventType "swiss"]
[EventRounds "9"]
[EventCountry "ENG"]
[SourceTitle "CB02_2024"]
[SourceDate "2024.01.10"]
[SourceVersion "1"]
[SourceVersionDate "2024.01.10"]
[SourceQuality "1"]

1. d4 Nf6 2. c4 e6 3. Nc3 Bb4 4. e3 0-0 5. Bd3 d5 6. a3 Bxc3+ 7. bxc3 dxc4 8. Bxc4 c5 9. Nf3 Qc7 10. Be2 b6 11. Bb2 Bb7 12. 0-0 Rd8 13. Re1 Nc6 14. Rc1 Rac8 15. Bd3 c4 16. Bxc4 Na5 17. Bf1 Bxf3 18. Qxf3 Nc4 19. Bxc4 Qxc4 20. Rcd1 Qb3 21. Rd2 Ne8 22. Qd1 Qxd1 23. Rdxd1 Rc4 24. e4 Nd6 25. Rd3 Kf8 26. f3 Ke7 27. Kf2 Ra4 28. Rb1 Nc4 29. Bc1 Ra5 30. Rb3 Rc8 31. Ke2 Kd6 32. Kd1 f5 33. Kc2 Rf8 34. exf5 exf5 35. Rb4 Kd5 36. a4 a6 37. Rd1 b5 38. axb5 axb5 39. Re1 Rf7 40. Re8 Kc6 41. Kd3 f4 42. Rc8+ Kd7 43. Rc5 Nd6 44. Rb3 Ra1 45. Kc2 Ra2+ 46. Rb2 Ra1 47. Rb1 Ra2+ 48. Bb2 Re7 49. Kb3 Ra7 50. Rd5 b4 51. Bc1 bxc3 52. Kxc3 Rf7 53. Rb6 Rc7+ 54. Kd2 Rc6 55. Rb7+ Ke6 56. Rxf7 Nxf7 57. Rh5 Rc4 58. Rxh7 g5 59. d5+ Kf6 60. Bb2+ Ne5 61. d6 Rb4 62. Bc3 Rb5 63. Re7 1-0

[Event "Hastings Masters op"]
[Site "Hastings"]
[Date "2023.12.29"]
[Round "2"]
[White "Gimenez Menchon, Cesar"]
[Black "Royal, Shreyas"]
[Result "0-1"]
[WhiteElo "2088"]
[BlackElo "2438"]
[PlyCount "82"]
[EventDate "2023.12.28"]
[EventType "swiss"]
[EventRounds "9"]
[EventCountry "ENG"]
[SourceTitle "CB02_2024"]
[SourceDate "2024.01.10"]
[SourceVersion "1"]
[SourceVersionDate "2024.01.10"]
[SourceQuality "1"]

1. e4 c5 2. c3 Nf6 3. e5 Nd5 4. Nf3 d6 5. Bb5+ Bd7 6. Bc4 Nb6 7. Bxf7+ Kxf7 8. e6+ Kg8 9. exd7 N8xd7 10. a4 Nf6 11. a5 Nbd5 12. Qb3 Qc8 13. 0-0 c4 14. Qa2 Nf4 15. d4 Nxg2 16. Kh1 d5 17. Rg1 Qf5 18. Nbd2 Nf4 19. Rg5 Qd3 20. Ne5 Qe2 21. Ndxc4 Nh3 22. Be3 Nxg5 23. Bxg5 dxc4 24. Kg2 Rc8 25. Qa4 Qe4+ 26. f3 Qd5 27. Rd1 e6 28. b3 cxb3 29. c4 Qd6 30. Qxb3 Rc7 31. f4 Be7 32. f5 Nd7 33. Bf4 Bf6 34. fxe6 Nxe5 35. c5 Qc6+ 36. Kh3 h6 37. e7+ Kh7 38. Qc2+ g6 39. Rf1 Rxe7 40. dxe5 Bxe5 41. Bxe5 Qe6+ 0-1

[Event "Hastings Masters op"]
[Site "Hastings"]
[Date "2023.12.28"]
[Round "1"]
[White "Royal, Shreyas"]
[Black "Honey, Luke Anthony"]
[Result "1-0"]
[WhiteElo "2438"]
[BlackElo "1907"]
[PlyCount "95"]
[EventDate "2023.12.28"]
[EventType "swiss"]
[EventRounds "9"]
[EventCountry "ENG"]
[SourceTitle "CB02_2024"]
[SourceDate "2024.01.10"]
[SourceVersion "1"]
[SourceVersionDate "2024.01.10"]
[SourceQuality "1"]

1. Nf3 d5 2. d4 Nf6 3. c4 c6 4. e3 Bg4 5. Nc3 e6 6. h3 Bh5 7. Qb3 Qc7 8. Ne5 Nbd7 9. g4 Bg6 10. Nxg6 hxg6 11. Bg2 Be7 12. Bd2 Nb6 13. cxd5 exd5 14. 0-0-0 Nc4 15. Be1 Nd6 16. f3 Qb6 17. e4 Qxb3 18. axb3 dxe4 19. fxe4 Nd7 20. Bg3 Nb6 21. Rhf1 0-0 22. e5 Ne8 23. d5 cxd5 24. Nxd5 Nxd5 25. Rxd5 Rc8+ 26. Kb1 Rd8 27. Rc1 b6 28. Be1 a5 29. Rc6 Rxd5 30. Bxd5 Bd8 31. Bc4 Nc7 32. Rxb6 Nd5 33. Ra6 Nb4 34. Rxg6 Bc7 35. e6 Kh7 36. Rg5 fxe6 37. Bc3 g6 38. Rb5 Rb8 39. Rxb8 Bxb8 40. Bxe6 Bf4 41. Bf6 Bd2 42. h4 Kh6 43. Bc4 Kh7 44. g5 Be1 45. h5 Bd2 46. Bf7 Bxg5 47. hxg6+ Kh6 48. Bxg5+ 1-0

[Event "London Classic 13th"]
[Site "London"]
[Date "2023.12.09"]
[Round "8"]
[White "Moussard, Jules"]
[Black "Royal, Shreyas"]
[Result "0-1"]
[WhiteElo "2639"]
[BlackElo "2404"]
[PlyCount "136"]
[EventDate "2023.12.01"]
[EventType "tourn"]
[EventRounds "9"]
[EventCountry "ENG"]
[EventCategory "16"]
[SourceTitle "CB50_2023"]
[SourceDate "2023.12.13"]
[SourceVersion "1"]
[SourceVersionDate "2023.12.13"]
[SourceQuality "1"]

1. Nf3 d5 2. g3 Nd7 3. d4 Nb6 4. Bg2 Bf5 5. b3 e6 6. 0-0 h6 7. c4 c6 8. Nbd2 Nf6 9. Bb2 Be7 10. e3 0-0 11. Qe2 a5 12. Ne5 Nbd7 13. Nd3 a4 14. Rfc1 Qb6 15. c5 Qa6 16. Bf1 b5 17. f3 axb3 18. axb3 Qb7 19. e4 Bh7 20. e5 Ne8 21. Rxa8 Qxa8 22. Ra1 Qb7 23. b4 g5 24. Nb3 Ng7 25. Na5 Qc7 26. Nf2 h5 27. Re1 Re8 28. Qd2 Nf8 29. Nh3 g4 30. fxg4 hxg4 31. Nf2 Bf5 32. Be2 Nh7 33. Nxg4 Bg6 34. Qf4 Nf5 35. h4 Kh8 36. Ne3 Nxe3 37. Qxe3 f5 38. Qf4 Rg8 39. Kf2 Be8 40. Ke3 Bd8 41. Kd3 Nf6 42. Rg1 Ne4 43. Kc2 Qh7 44. Kb3 Bxh4 45. Bc3 Nxg3 46. Bf3 Rg6 47. Rg2 Qh6 48. Bd2 Bg5 49. Qxg3 Bxd2 50. Qh2 Rxg2 51. Qxh6+ Bxh6 52. Bxg2 Bd2 53. Bf1 Kg7 54. Nb7 Kg6 55. Kc2 Bxb4 56. Kd3 Be1 57. Be2 Bf2 58. Bd1 Kg5 59. Be2 Bg1 60. Bd1 Kh4 61. Be2 f4 62. Nd8 Bd7 63. Nf7 b4 64. Bd1 Be8 65. Nd8 Bg6+ 66. Kd2 Bxd4 67. Nxe6 Bc3+ 68. Kc1 Bxe5 0-1

[Event "London Classic 13th"]
[Site "London"]
[Date "2023.12.07"]
[Round "6"]
[White "Vitiugov, Nikita"]
[Black "Royal, Shreyas"]
[Result "1/2-1/2"]
[WhiteElo "2712"]
[BlackElo "2404"]
[PlyCount "166"]
[EventDate "2023.12.01"]
[EventType "tourn"]
[EventRounds "9"]
[EventCountry "ENG"]
[EventCategory "16"]
[SourceTitle "CB50_2023"]
[SourceDate "2023.12.13"]
[SourceVersion "1"]
[SourceVersionDate "2023.12.13"]
[SourceQuality "1"]

1. e4 c5 2. Nf3 d6 3. d4 cxd4 4. Nxd4 Nf6 5. Nc3 Nc6 6. Bg5 e6 7. Qd2 a6 8. 0-0-0 Bd7 9. f3 Nxd4 10. Qxd4 Be7 11. h4 Qc7 12. Kb1 b5 13. Bd3 b4 14. Ne2 a5 15. g4 0-0 16. Bc1 e5 17. Qf2 Be6 18. Ng3 Rfc8 19. Nf5 Bf8 20. h5 Nd7 21. Ne3 Nb6 22. Nd5 Nxd5 23. exd5 Bxd5 24. Bxh7+ Kxh7 25. Rxd5 a4 26. Qe2 Kg8 27. Qd3 b3 28. cxb3 axb3 29. Qxb3 Rcb8 30. Rb5 Qa7 31. Rxb8 Rxb8 32. Qd3 Qf2 33. g5 Qg2 34. Re1 Qh2 35. a4 Be7 36. Qf5 Qxh5 37. a5 Qh4 38. Re4 Qf2 39. Rc4 g6 40. Qh3 Bf8 41. Rc8 Rxc8 42. Qxc8 Qxf3 43. a6 Qe4+ 44. Qc2 Qa8 45. Qa4 d5 46. Qb5 Qa7 47. Bd2 d4 48. Ba5 Qa8 49. Bb6 Qe4+ 50. Ka2 d3 51. Ba5 Qd4 52. Bc3 Qe3 53. Qd5 Qf4 54. Kb3 Qf1 55. Qxe5 Qd1+ 56. Kc4 Qa4+ 57. Kd5 Qd7+ 58. Ke4 f5+ 59. gxf6 d2 60. Bxd2 Qa4+ 61. Qd4 Qxa6 62. Qd5+ Kh8 63. Bc3 Qe2+ 64. Kd4 Qd1+ 65. Kc4 Qa4+ 66. b4 Qa2+ 67. Kd4 Qa7+ 68. Kd3 Kh7 69. b5 Qa3 70. f7 Qc1 71. Qe5 Qd1+ 72. Ke3 Qg1+ 73. Ke2 Qg2+ 74. Kd3 Qf3+ 75. Kc2 Qf2+ 76. Kc1 Qf1+ 77. Kb2 Qf2+ 78. Kb1 Qf1+ 79. Kc2 Qf2+ 80. Kd3 Qf3+ 81. Qe3 Qf5+ 82. Qe4 Qxb5+ 83. Kc2 Qf5 1/2-1/2

[Event "Budapest Vezerkepzo GM 11"]
[Site "Budapest"]
[Date "2023.11.16"]
[Round "1"]
[White "Royal, Shreyas"]
[Black "Srihari, LR."]
[Result "1/2-1/2"]
[WhiteElo "2404"]
[BlackElo "2460"]
[PlyCount "50"]
[EventDate "2023.11.16"]
[EventType "tourn"]
[EventRounds "9"]
[EventCountry "HUN"]
[EventCategory "6"]
[SourceTitle "CB48_2023"]
[SourceDate "2023.11.29"]
[SourceVersion "1"]
[SourceVersionDate "2023.11.29"]
[SourceQuality "1"]

1. d4 Nf6 2. c4 e6 3. Nf3 d5 4. cxd5 exd5 5. Nc3 a6 6. Bg5 Be6 7. e3 Nbd7 8. Bd3 Bd6 9. 0-0 c6 10. h3 Qc7 11. Qd2 0-0 12. Bf4 h6 13. Rac1 Bxf4 14. exf4 Ne4 15. Nxe4 dxe4 16. Bxe4 Bxa2 17. b4 Bb3 18. d5 Nf6 19. dxc6 Nxe4 20. Qd3 Ba4 21. Qxe4 Bxc6 22. Ne5 Bxe4 23. Rxc7 f6 24. Re1 fxe5 25. Rxe4 Rxf4 1/2-1/2

[Event "BCF-chT 2324 (4NCL)"]
[Site "England"]
[Date "2023.11.12"]
[Round "2.4"]
[White "Olson, Hamish"]
[Black "Royal, Shreyas"]
[Result "1/2-1/2"]
[WhiteElo "2335"]
[BlackElo "2404"]
[PlyCount "64"]
[EventDate "2023.11.11"]
[EventType "team-tourn"]
[EventRounds "11"]
[EventCountry "ENG"]
[SourceTitle "CB46_2023"]
[SourceDate "2023.11.15"]
[SourceVersion "1"]
[SourceVersionDate "2023.11.15"]
[SourceQuality "1"]
[WhiteTeam "Alba"]
[BlackTeam "Wood Green Youth"]
[WhiteTeamCountry "ENG"]
[BlackTeamCountry "ENG"]

1. d4 d5 2. c4 dxc4 3. Nf3 Nf6 4. e3 e6 5. Bxc4 c5 6. 0-0 Nc6 7. dxc5 Qxd1 8. Rxd1 Bxc5 9. b3 0-0 10. Bb2 Be7 11. Nc3 a6 12. Bf1 b5 13. g3 Bb7 14. Bg2 Nb4 15. Ne1 Bxg2 16. Kxg2 Rac8 17. Kf3 Rfd8 18. Rxd8+ Rxd8 19. Ke2 Ng4 20. a3 Nc6 21. Nf3 Na5 22. b4 Nc4 23. Nd1 Nf6 24. Bd4 Ne4 25. a4 f6 26. axb5 axb5 27. Nc3 Nxc3+ 28. Bxc3 e5 29. Ra7 Kf7 30. Nd2 Nd6 31. e4 Ke6 32. f3 Rc8 1/2-1/2

[Event "FIDE Grand Swiss"]
[Site "Douglas"]
[Date "2023.10.28"]
[Round "4"]
[White "Harikrishna, Pentala"]
[Black "Royal, Shreyas"]
[Result "1-0"]
[WhiteElo "2716"]
[BlackElo "2407"]
[PlyCount "73"]
[EventDate "2023.10.25"]
[EventType "swiss"]
[EventRounds "11"]
[EventCountry "IOM"]
[SourceTitle "Mega2024 Update 01"]
[Source "Chessbase"]
[SourceDate "2023.11.12"]
[SourceVersion "1"]
[SourceVersionDate "2023.11.12"]
[SourceQuality "1"]

1. e4 e5 2. Nf3 Nc6 3. Bb5 a6 4. Ba4 Nf6 5. 0-0 b5 6. Bb3 Bc5 7. c3 d6 8. d4 Bb6 9. Be3 0-0 10. Nbd2 h6 11. h3 Re8 12. Re1 exd4 13. cxd4 Nb4 14. d5 c5 15. dxc6 Nxc6 16. Nf1 Be6 17. Ng3 Bxb3 18. axb3 Bxe3 19. Rxe3 d5 20. e5 Nd7 21. Qe2 d4 22. Re4 Nf8 23. Nf5 Ng6 24. N3xd4 Nxd4 25. Nxd4 Qd5 26. Re1 Rad8 27. Nf5 Qxb3 28. Qg4 Qxb2 29. h4 h5 30. Qxh5 Rd5 31. e6 Rxe6 32. Nh6+ gxh6 33. Qxd5 Rf6 34. Qc5 Nf4 35. Re8+ Kh7 36. Qf8 Nh3+ 37. Kh2 1-0